Сварные конструкции. Расчет и проектирование: учебное пособие

ग्रंथसूची विवरण
मुख्य लेखक: Николаев Г. А. Георгий Александрович
अन्य लेखक: Винокуров В. А. Виталий Александрович
भाषा:रूसी
प्रकाशित: Москва, Высшая школа, 1990
विषय:
स्वरूप: पुस्तक
KOHA link:https://koha.lib.tpu.ru/cgi-bin/koha/opac-detail.pl?biblionumber=33855

MARC

LEADER 00000nam0a2200000 4500
001 33855
005 20231101210207.0
010 |a 5060015556 
035 |a (RuTPU)RU\TPU\book\34226 
035 |a BOOK00000877 
090 |a 33855 
100 |a 20011210d1990 m y0rusy50 ca 
101 0 |a rus 
102 |a RU 
105 |a a j 001zy 
200 1 |a Сварные конструкции. Расчет и проектирование  |e учебное пособие  |f Г. А. Николаев, В. А. Винокуров 
210 |a Москва  |c Высшая школа  |d 1990 
215 |a 446 с.  |c ил 
320 |a Библиография: с. 441. 
606 1 |a Сварные конструкции  |x Проектирование  |2 stltpush  |3 (RuTPU)RU\TPU\subj\53964  |9 72128 
610 1 |a сварочное производство 
610 1 |a расчет 
610 1 |a учебные пособия 
675 |a 621.791.001(075.8)  |v 3 
700 1 |a Николаев  |b Г. А.  |g Георгий Александрович 
701 1 |a Винокуров  |b В. А.  |g Виталий Александрович 
801 0 |a RU  |b 63413507  |c 20011210  |g PSBO 
801 2 |a RU  |b 63413507  |c 20220415  |g PSBO 
900 |a Проектирование сварных конструкций 
900 |a Технология, машины и оборудование машиностроительного производства 
942 |c BK